Materialismo dialéctico y psicoanálisis / (Record no. 37565)

MARC details
000 -CABECERA
campo de control de longitud fija 00630nam a2200205 a 4500
005 - FECHA Y HORA DE LA ÚLTIMA TRANSACCIÓN
campo de control 20240806064123.0
008 - ELEMENTOS DE LONGITUD FIJA--INFORMACIÓN GENERAL
campo de control de longitud fija 991125m19701983mx 000 0 spa u
020 ## - NÚMERO INTERNACIONAL NORMALIZADO PARA LIBROS
Número Internacional Estándar del Libro 9682300339
035 ## - NÚMERO DE CONTROL DEL SISTEMA
Número de control de sistema UPN01000037565
049 ## - COLECCIÓN
Colección CG
050 #4 - SIGNATURA TOPOGRÁFICA DE LA BIBLIOTECA DEL CONGRESO
Número de clasificación HX55
Número de documento/Ítem R4.48
100 1# - ASIENTO PRINCIPAL--NOMBRE PERSONAL
Nombre de persona Reich, Wilhelm,
Fechas asociadas al nombre 1897-1957
9 (RLIN) 29446
245 10 - MENCIÓN DE TÍTULO
Título Materialismo dialéctico y psicoanálisis /
Mención de responsabilidad, etc. por Wilhelm Reich ; tr. Renate Von Hanfsstengel de Sevilla.
260 ## - PUBLICACIÓN, DISTRIBUCIÓN, ETC.
Lugar de publicación, distribución, etc. México :
Nombre del editor, distribuidor, etc. Siglo XXI,
Fecha de publicación, distribución, etc. 1970 (1983 impr.).
300 ## - DESCRIPCIÓN FÍSICA
Extensión 246 p.
440 #0 - MENCIÓN DE SERIE/ASIENTO SECUNDARIO--TÍTULO
Título Mínima ;
Designación de volumen o secuencia 40
650 #4 - ASIENTO SECUNDARIO DE MATERIA - TERMINO TEMATICO
Término de materia o nombre geográfico como elemento de entrada Materialismo dialéctico
9 (RLIN) 4555
650 #4 - ASIENTO SECUNDARIO DE MATERIA - TERMINO TEMATICO
Término de materia o nombre geográfico como elemento de entrada Psicoanálisis
9 (RLIN) 1572
905 ## - TIPO DE MATERIAL
Tipo de material Libro
Holdings
Estado de retiro Estado de pérdida Fuente del sistema de clasificación o colocación Estado dañado No para préstamo Código de colección Localización permanente Ubicación/localización actual Ubicación en estantería Total de préstamos Clasificación Código de barras Fecha visto por última vez Número de copia Tipo de ítem Koha
    Library of Congress Classification     Colección General Bib. Gregorio Torres Quintero Bib. Gregorio Torres Quintero Planta baja 3 HX55 R4.48 230738 31/12/2020 1 Libro
    Library of Congress Classification     Colección General Bib. Gregorio Torres Quintero Bib. Gregorio Torres Quintero Planta baja 7 HX55 R4.48 240957 31/12/2020 1 Libro
    Library of Congress Classification     Colección General Bib. Gregorio Torres Quintero Bib. Gregorio Torres Quintero Planta baja 5 HX55 R4.48 252285 31/12/2020 1 Libro
    Library of Congress Classification     Colección General Bib. Gregorio Torres Quintero Bib. Gregorio Torres Quintero Planta baja   HX55 R4.48 28711 31/12/2020 1 Libro